Cartoon Character & Franchise Sort Quiz Stats

 Plays Quiz Updated Mar 12, 2018

Challenge
Share
Tweet
Embed
Score 0/45 Timer 03:00
2 Plays Today
% Correct
Bugs Bunny
90%
Donald Duck
84.1%
Mickey Mouse
83.1%
Daffy Duck
83.1%
Daisy Duck
82.8%
Goofy
82.5%
Minnie Mouse
80.9%
Jiminy Cricket
77.4%
Pluto
77%
Elmer Fudd
76.9%
Chip
76.7%
Road Runner
72.2%
Yogi Bear
72.2%
Scrooge McDuck
70.9%
Dale
70.1%
Foghorn Leghorn
70%
Scooby-Doo
70%
Tweety Bird
69.8%
Sylvester
69.6%
Wile E. Coyote
69.3%
Tasmanian Devil
68.7%
Boo-Boo
68.5%
Huckleberry Hound
67.6%
% Correct
Pepé Le Pew
67.3%
Marvin the Martian
66.5%
Speedy Gonzales
64.4%
Yosemite Sam
63.4%
Clarabelle Cow
59.8%
Quick Draw McGraw
59.4%
Top Cat
59.3%
Snagglepuss
57.3%
Magilla Gorilla
57.2%
Baba Looey
53.6%
Atom Ant
53.4%
Wally Gator
46.7%
Pete
44.6%
Yakky Doodle
44.4%
Secret Squirrel
44.1%
Ludwig von Drake
42%
Michigan J. Frog
40.6%
Hokey Wolf
39.5%
Peter Potamus
39.3%
Henery Hawk
38.5%
José Carioca
34.9%
Horace Horsecollar
33.1%

You're not logged in!

Compare scores with friends on all Sporcle quizzes.
OR
Log In

You Might Also Like...

Show Comments

Extras

Top Quizzes Today


Score Distribution

Your Account Isn't Verified!

In order to create a playlist on Sporcle, you need to verify the email address you used during registration. Go to your Sporcle Settings to finish the process.

Report this User

Report this user for behavior that violates our Community Guidelines.

Details: